Evropská vstupenka do XXI. století? Delorsova Bílá kniha

Najpodstatnejšie myšlienky z Bielej knihy Komisie Európskych spoločenstiev nazvanej "Pre vstup do XXI. storočia". Ako vidia budúcnosť Európy autori knihy. Súčasné hospodárske problémy európskych krajín. Otázka zamestnanosti, hospodárskeho rastu a konkurencieschopnosti. Investície do konkurencieschop...

Ausführliche Beschreibung

Gespeichert in:
Bibliographische Detailangaben
1. Verfasser: Šmejkal, Václav
Format: Buchkapitel
Sprache:Tschechisch
Schlagworte:
Tags: Tag hinzufügen
Keine Tags, Fügen Sie das erste Tag hinzu!

MARC

LEADER 00000naa a2200000 4500
001 r015890
005 20230221120913.3
041 0 |a cze 
044 |a CZ 
245 1 0 |a Evropská vstupenka do XXI. století?  |b Delorsova Bílá kniha  |c Václav Šmejkal 
520 |a Najpodstatnejšie myšlienky z Bielej knihy Komisie Európskych spoločenstiev nazvanej "Pre vstup do XXI. storočia". Ako vidia budúcnosť Európy autori knihy. Súčasné hospodárske problémy európskych krajín. Otázka zamestnanosti, hospodárskeho rastu a konkurencieschopnosti. Investície do konkurencieschopnosti. 
610 2 0 |a vývoj hospodársky 
610 2 0 |a prognózy hospodárske 
610 2 0 |a rast hospodársky 
610 2 0 |a zamestnanosť 
610 2 0 |a konkurencieschopnosť 
610 2 0 |a Európa 
100 1 |a Šmejkal, Václav